|
|
|
|
| LEADER |
04516nam a22003973i 4500 |
| 001 |
EBC6112402 |
| 003 |
MiAaPQ |
| 005 |
20231204023214.0 |
| 006 |
m o d | |
| 007 |
cr cnu|||||||| |
| 008 |
231204s2020 xx o ||||0 eng d |
| 020 |
|
|
|a 9783030372811
|q (electronic bk.)
|
| 020 |
|
|
|z 9783030372804
|
| 035 |
|
|
|a (MiAaPQ)EBC6112402
|
| 035 |
|
|
|a (Au-PeEL)EBL6112402
|
| 035 |
|
|
|a (OCoLC)1143634927
|
| 040 |
|
|
|a MiAaPQ
|b eng
|e rda
|e pn
|c MiAaPQ
|d MiAaPQ
|
| 050 |
|
4 |
|a QC801-809
|
| 100 |
1 |
|
|a Ramoutar-Prieschl, Rakeshnie.
|
| 245 |
1 |
0 |
|a Management of Research Infrastructures :
|b a South African Funding Perspective.
|
| 250 |
|
|
|a 1st ed.
|
| 264 |
|
1 |
|a Cham :
|b Springer International Publishing AG,
|c 2020.
|
| 264 |
|
4 |
|c ©2020.
|
| 300 |
|
|
|a 1 online resource (118 pages)
|
| 336 |
|
|
|a text
|b txt
|2 rdacontent
|
| 337 |
|
|
|a computer
|b c
|2 rdamedia
|
| 338 |
|
|
|a online resource
|b cr
|2 rdacarrier
|
| 505 |
0 |
|
|a Intro -- Foreword by Daniel Adams -- Foreword by Clifford Nxomani -- Preface -- Acknowledgements -- Contents -- About the Authors -- Abbreviations -- 1 Background -- 1.1 Why Invest in RIs? -- 1.2 The Innovation Value Chain -- 1.3 An Overview of the STI Policy and Strategy Landscape in South Africa -- 1.4 Role of the Funding Agency in the STI Policy Landscape in South Africa -- 1.5 Navigating a Differentiated Higher Education Landscape -- 1.6 Overview of Research Infrastructure Investments in South Africa -- 1.7 Summary -- References -- 2 Classification of RI Investment Areas in South Africa -- 2.1 Approaches to Research Infrastructure Investment -- 2.2 Process for Acquiring RI -- 2.3 Classification of RIS in South Africa -- 2.3.1 Well-Founded Laboratory Research Equipment -- 2.3.2 Scientific Equipment -- 2.3.3 Specialised Facilities -- 2.3.4 High-End Infrastructure -- 2.3.5 Global Research Infrastructures -- 2.3.6 Cyber-Infrastructure -- 2.4 Summary -- References -- 3 Process for Awarding RI Grants -- 3.1 Pre-grant Award Phase -- 3.2 Peer Review -- 3.2.1 Panel Review -- 3.2.2 Mail Review -- 3.3 Developing a Suitable Scorecard -- 3.4 Grant Award Phase -- 3.4.1 Funding Decisions -- 3.5 Post Grant Award Phase -- 3.6 Project Close Out Phase -- 3.7 Summary -- References -- 4 Conditions of Grant Award -- 4.1 Usage of Funds -- 4.2 Institutional Responsibility -- 4.3 Ethics -- 4.4 Intellectual Property -- 4.5 Data Storage, Usage and Dissemination -- 4.6 Payment of Grant -- 4.7 Change of Leadership or Institution -- 4.7.1 Change of Leadership -- 4.7.2 Change of Institution -- 4.8 Breach -- 4.9 Summary -- Reference -- 5 Skills Required for Managing Research Equipment -- 5.1 Staff Scientists -- 5.2 Operators -- 5.3 Technicians -- 5.4 Engineers -- 5.5 Data Specialists -- 5.6 Succession Planning -- 5.7 Summary -- Reference.
|
| 505 |
8 |
|
|a 6 Monitoring, Evaluation and Risk Management -- 6.1 Monitoring and Evaluation -- 6.2 Site Visits and/or Technical Audits -- 6.3 Risk Management -- 6.4 Reporting -- 6.5 Equipment Database -- 6.6 Summary -- References -- 7 The Sustainable Management of Research Equipment -- 7.1 Human Resourcing -- 7.2 Maintenance of Systems -- 7.3 Infrastructure to House Research Equipment -- 7.4 Access Strategy -- 7.5 Data Management and Its Preservation -- 7.6 Financial Management -- 7.7 Summary -- References -- 8 Conclusion -- 8.1 Challenges -- 8.2 Recommendations -- 8.3 Way Forward -- Annexures -- Annexure A: Management Plan Gantt Chart Template -- Annexure B: Implementation Framework for Risk Assessment (Kwak & -- Keheler, 2015) -- Reference -- Bibliography -- 9 Correction to: Monitoring, Evaluation and Risk Management -- Correction to: Chapter 6 in: R. Ramoutar-Prieschl and S. Hachigonta, Management of Research Infrastructures: A South African Funding Perspective, https://doi.org/10.1007/978-3-030-37281-1_6.
|
| 588 |
|
|
|a Description based on publisher supplied metadata and other sources.
|
| 590 |
|
|
|a Electronic reproduction. Ann Arbor, Michigan : ProQuest Ebook Central, 2023. Available via World Wide Web. Access may be limited to ProQuest Ebook Central affiliated libraries.
|
| 655 |
|
4 |
|a Electronic books.
|
| 700 |
1 |
|
|a Hachigonta, Sepo.
|
| 776 |
0 |
8 |
|i Print version:
|a Ramoutar-Prieschl, Rakeshnie
|t Management of Research Infrastructures: a South African Funding Perspective
|d Cham : Springer International Publishing AG,c2020
|z 9783030372804
|
| 797 |
2 |
|
|a ProQuest (Firm)
|
| 856 |
4 |
0 |
|u https://ebookcentral.proquest.com/lib/matrademy/detail.action?docID=6112402
|z Click to View
|